[Event "FIDE Open World Blitz 2021"]
[Site "Warsaw"]
[Date "2021.12.30"]
[Round "13.26"]
[White "Petrosyan, Manuel"]
[Black "Durarbayli, Vasif"]
[Result "0-1"]
[WhiteElo "2599"]
[BlackElo "2599"]
[Annotator "ChessBase"]
[PlyCount "122"]
[EventDate "2021.12.29"]
[EventType "swiss"]
[EventCountry "POL"]
[Tiebreak "Cut1 Buchholz"]
[SourceTitle "playchess.com"]
[Source "ChessBase"]
[SourceQuality "1"]

1. Nf3 c5 2. c4 Nf6 3. Nc3 e6 4. e3 b6 5. d4 cxd4 6. exd4 Bb4 7. Bd2 Bb7 8. a3
Be7 9. Bd3 O-O 10. O-O d5 11. cxd5 Nxd5 12. Ne5 Nc6 13. Nxc6 Bxc6 14. Qh5 g6
15. Qh3 Nxc3 16. bxc3 Bf6 17. Rfe1 Qd7 18. Qg3 Rac8 19. h4 Qd5 20. f3 Bxd4+ 21.
cxd4 Qxd4+ 22. Kh2 Qxd3 23. Bh6 Rfd8 24. Rad1 Qc3 25. Rxd8+ Rxd8 26. Rc1 Qxa3
27. Qg5 Qd6+ 28. Kh1 Be8 29. Qf6 Qd4 30. Qxd4 Rxd4 31. Kg1 Rd8 32. Rc7 Ra8 33.
Rb7 b5 34. Kf2 a5 35. Bc1 e5 36. Bb2 f6 37. g4 h6 38. g5 hxg5 39. hxg5 fxg5 40.
Bxe5 a4 41. Kg3 a3 42. Kg4 a2 43. Ba1 Rc8 44. Ra7 Bf7 45. Kxg5 Rc5+ 46. Kf6
Rf5+ 47. Ke7 Kh7 48. Kf8 Rxf3 49. Rxf7+ Rxf7+ 50. Kxf7 Kh6 51. Ke6 g5 52. Kf5
Kh5 53. Ke4 g4 54. Kd3 g3 55. Ke2 Kg4 56. Kf1 Kf3 57. Kg1 b4 58. Bb2 b3 59. Ba1
Ke2 60. Kg2 Kd2 61. Kxg3 Kc2 0-1

[Event "FIDE Open World Blitz 2021"]
[Site "Warsaw"]
[Date "2021.12.30"]
[Round "13.27"]
[White "Salem, A.R. Saleh"]
[Black "Socko, Bartosz"]
[Result "1/2-1/2"]
[WhiteElo "2690"]
[BlackElo "2571"]
[Annotator "ChessBase"]
[PlyCount "35"]
[EventDate "2021.12.29"]
[EventType "swiss"]
[EventCountry "POL"]
[Tiebreak "Cut1 Buchholz"]
[SourceTitle "playchess.com"]
[Source "ChessBase"]
[SourceQuality "1"]

1. d4 e6 2. c4 b6 3. e4 Bb7 4. Nc3 Bb4 5. f3 Qh4+ 6. g3 Bxc3+ 7. bxc3 Qe7 8.
Bd3 d6 9. Ne2 Nf6 10. O-O e5 11. a4 a5 12. c5 dxc5 13. dxc5 Qxc5+ 14. Kg2 Nbd7
15. Ba3 Qe3 16. Bc1 Qc5 17. Ba3 Qe3 18. Bc1 1/2-1/2

[Event "FIDE Open World Blitz 2021"]
[Site "Warsaw"]
[Date "2021.12.30"]
[Round "13.28"]
[White "Zvjaginsev, Vadim"]
[Black "Ter-Sahakyan, Samvel"]
[Result "0-1"]
[WhiteElo "2609"]
[BlackElo "2565"]
[Annotator "ChessBase"]
[PlyCount "108"]
[EventDate "2021.12.29"]
[EventType "swiss"]
[EventCountry "POL"]
[Tiebreak "Cut1 Buchholz"]
[SourceTitle "playchess.com"]
[Source "ChessBase"]
[SourceQuality "1"]

1. c4 e5 2. Nf3 e4 3. Nd4 Nc6 4. e3 Nf6 5. Nc3 Bc5 6. Nb3 d6 7. Be2 O-O 8. O-O
Bb6 9. f3 exf3 10. Bxf3 Ne5 11. Be2 c5 12. h3 d5 13. Rxf6 Qxf6 14. Nxd5 Qh4 15.
Qf1 Be6 16. Nxb6 axb6 17. d4 Ng6 18. d5 Bd7 19. Bd2 Rae8 20. Qf2 Qe7 21. Re1 f5
22. Bf1 Qd6 23. Bc3 f4 24. exf4 Nxf4 25. Rxe8 Bxe8 26. Qe3 Qh6 27. Qg3 Qg6 28.
Qxg6 Bxg6 29. Nd2 Bd3 30. Bxd3 Nxd3 31. Ne4 Nc1 32. Kh2 Nxa2 33. Bd2 Nb4 34.
Bg5 Kf7 35. Nd6+ Kg6 36. Be7 Rb8 37. g4 Nd3 38. h4 h5 39. gxh5+ Kxh5 40. Nb5
Ne5 41. Bd6 Ng4+ 42. Kg3 Re8 43. Bf4 Nf6 44. Nc7 Re4 45. b3 Kg6 46. Ne6 Re1 47.
Bc7 Re3+ 48. Kg2 Rxb3 49. d6 Nd7 50. Nf4+ Kf5 51. Nd5 b5 52. Nb6 Nxb6 53. Bxb6
Rd3 54. Bxc5 bxc4 0-1

[Event "FIDE Open World Blitz 2021"]
[Site "Warsaw"]
[Date "2021.12.30"]
[Round "13.29"]
[White "Asadli, Vugar"]
[Black "Harikrishna, Pentala"]
[Result "1/2-1/2"]
[WhiteElo "2386"]
[BlackElo "2614"]
[Annotator "ChessBase"]
[PlyCount "88"]
[EventDate "2021.12.29"]
[EventType "swiss"]
[EventCountry "POL"]
[Tiebreak "Cut1 Buchholz"]
[SourceTitle "playchess.com"]
[Source "ChessBase"]
[SourceQuality "1"]

1. e4 e6 2. f4 d5 3. e5 c5 4. Nf3 Nc6 5. c3 Nge7 6. Na3 Nf5 7. Nc2 Qb6 8. d4
cxd4 9. cxd4 Bb4+ 10. Kf2 Be7 11. Bd3 Bd7 12. g4 Nh4 13. Nxh4 Bxh4+ 14. Kg2 Be7
15. Rb1 Rc8 16. Be3 Nb4 17. Nxb4 Qxb4 18. Qe2 a6 19. f5 Bb5 20. Rhf1 Bxd3 21.
Qxd3 Qc4 22. Qd2 Qc2 23. Rbc1 Qxd2+ 24. Bxd2 Rxc1 25. Rxc1 Kd7 26. Kf3 h5 27.
fxe6+ fxe6 28. g5 g6 29. Ke2 Rf8 30. Rf1 Rf5 31. h4 Rxf1 32. Kxf1 Kc6 33. Ke2
Kb5 34. Kd3 Ka4 35. Kc2 Bb4 36. Bc3 Bxc3 37. bxc3 b5 38. Kb2 a5 39. a3 b4 40.
axb4 axb4 41. c4 dxc4 42. d5 c3+ 43. Kc1 Kb5 44. d6 Ka4 1/2-1/2

[Event "FIDE Open World Blitz 2021"]
[Site "Warsaw"]
[Date "2021.12.30"]
[Round "13.30"]
[White "Fridman, Daniel"]
[Black "Gajewski, Grzegorz"]
[Result "1-0"]
[WhiteElo "2626"]
[BlackElo "2589"]
[Annotator "ChessBase"]
[PlyCount "77"]
[EventDate "2021.12.29"]
[EventType "swiss"]
[EventCountry "POL"]
[Tiebreak "Cut1 Buchholz"]
[SourceTitle "playchess.com"]
[Source "ChessBase"]
[SourceQuality "1"]

1. d4 Nf6 2. c4 e6 3. Nf3 d5 4. g3 Bb4+ 5. Nbd2 O-O 6. Bg2 dxc4 7. Qc2 c5 8.
O-O cxd4 9. Nxc4 Nc6 10. a3 Bd6 11. Rd1 e5 12. b4 a6 13. h3 Be6 14. Nxd6 Qxd6
15. e3 Rac8 16. Qb2 d3 17. Ng5 Bc4 18. Ne4 Nxe4 19. Bxe4 f5 20. Bxd3 Bxd3 21.
Qb3+ Kh8 22. Qxd3 Qh6 23. Qf1 Rf7 24. Bb2 f4 25. exf4 exf4 26. g4 f3 27. Rd5
Re8 28. Rad1 Qe6 29. Qd3 Kg8 30. Rh5 h6 31. Rd5 Rfe7 32. Bc3 Rf7 33. Rd7 Rxd7
34. Qxd7 Qxd7 35. Rxd7 Re7 36. Rd3 Rf7 37. Kh2 Ne7 38. Kg3 Kf8 39. Rd8# 1-0

[Event "FIDE Open World Blitz 2021"]
[Site "Warsaw"]
[Date "2021.12.30"]
[Round "13.31"]
[White "Harsha, Bharathakoti"]
[Black "Wojtaszek, Radoslaw"]
[Result "1-0"]
[WhiteElo "2576"]
[BlackElo "2700"]
[Annotator "ChessBase"]
[PlyCount "97"]
[EventDate "2021.12.29"]
[EventType "swiss"]
[EventCountry "POL"]
[Tiebreak "Cut1 Buchholz"]
[SourceTitle "playchess.com"]
[Source "ChessBase"]
[SourceQuality "1"]

1. f4 d5 2. Nf3 g6 3. g3 Bg7 4. Bg2 c6 5. e3 Nf6 6. O-O O-O 7. d3 a5 8. Nc3 b5
9. Ne5 b4 10. Ne2 Ba6 11. Nd4 c5 12. Ndf3 Qb6 13. b3 Bb7 14. a4 Nc6 15. Nxc6
Bxc6 16. Ne5 Nd7 17. Nxc6 Qxc6 18. Rb1 e6 19. Qe2 Rac8 20. e4 Nb6 21. e5 Qc7
22. Be3 Rfd8 23. Rbd1 c4 24. dxc4 dxc4 25. Qf2 Nd5 26. Bxd5 Rxd5 27. Rxd5 exd5
28. Bd4 Qd7 29. f5 Qxf5 30. Qxf5 gxf5 31. Rxf5 cxb3 32. cxb3 Bh6 33. Rf6 Bd2
34. Rd6 Rc1+ 35. Kg2 Bc3 36. Rd8+ Kg7 37. e6+ Bxd4 38. e7 Re1 39. e8=Q Rxe8 40.
Rxe8 Kf6 41. Ra8 Ke5 42. Kf3 Bb6 43. Ra6 Bd8 44. Ke3 h5 45. Kd3 f5 46. Ra8 Bb6
47. Rh8 Bc7 48. Rxh5 Kf6 49. Kd4 1-0

[Event "FIDE Open World Blitz 2021"]
[Site "Warsaw"]
[Date "2021.12.30"]
[Round "13.31"]
[White "Dziuba, Marcin"]
[Black "Baum, Jonasz"]
[Result "1-0"]
[WhiteElo "2568"]
[BlackElo "2157"]
[Annotator "ChessBase"]
[PlyCount "59"]
[EventDate "2021.12.29"]
[EventType "swiss"]
[EventCountry "POL"]
[Tiebreak "Cut1 Buchholz"]
[SourceTitle "playchess.com"]
[Source "ChessBase"]
[SourceQuality "1"]

1. d4 Nf6 2. Nf3 e6 3. g3 c5 4. Bg2 cxd4 5. O-O d5 6. Nxd4 e5 7. Nb3 Nc6 8. Bg5
Be6 9. Bxf6 gxf6 10. Nc3 d4 11. Ne4 f5 12. Nec5 Bxb3 13. Nxb3 h5 14. Qd3 Qd7
15. c3 dxc3 16. Qxc3 Bd6 17. Rfd1 Qe7 18. Bxc6+ Kf8 19. Bg2 h4 20. Qf3 hxg3 21.
hxg3 Qf6 22. Rd5 e4 23. Qxf5 Qh6 24. Rad1 Rd8 25. Nc5 e3 26. Ne4 exf2+ 27. Qxf2
Qh2+ 28. Kf1 Ke7 29. Nxd6 Kf8 30. Qxf7# 1-0

[Event "FIDE Open World Blitz 2021"]
[Site "Warsaw"]
[Date "2021.12.30"]
[Round "13.32"]
[White "Korobov, Anton"]
[Black "Riazantsev, Alexander"]
[Result "1-0"]
[WhiteElo "2684"]
[BlackElo "2634"]
[Annotator "ChessBase"]
[PlyCount "45"]
[EventDate "2021.12.29"]
[EventType "swiss"]
[EventCountry "POL"]
[Tiebreak "Cut1 Buchholz"]
[SourceTitle "playchess.com"]
[Source "ChessBase"]
[SourceQuality "1"]

1. c4 c6 2. Nc3 d5 3. e3 e5 4. d4 exd4 5. exd4 Nf6 6. Nf3 Be7 7. Bd3 O-O 8. h3
Na6 9. O-O Nb4 10. Be2 dxc4 11. Bxc4 Nbd5 12. Re1 h6 13. a3 Be6 14. Bd3 c5 15.
Rxe6 fxe6 16. Qe2 Nxc3 17. Qxe6+ Kh8 18. Ne5 Ne2+ 19. Bxe2 Qxd4 20. Bd3 Rfe8
21. Nf7+ Kg8 22. Nxh6+ Kh8 23. Qg8+ 1-0

[Event "FIDE Open World Blitz 2021"]
[Site "Warsaw"]
[Date "2021.12.30"]
[Round "13.32"]
[White "Tologontegin, Semetey"]
[Black "Sadzikowski, Daniel"]
[Result "1/2-1/2"]
[WhiteElo "2224"]
[BlackElo "2415"]
[Annotator "ChessBase"]
[PlyCount "197"]
[EventDate "2021.12.29"]
[EventType "swiss"]
[EventCountry "POL"]
[Tiebreak "Cut1 Buchholz"]
[SourceTitle "playchess.com"]
[Source "ChessBase"]
[SourceQuality "1"]

1. d4 Nf6 2. Nc3 d5 3. Bf4 a6 4. e3 e6 5. g4 c5 6. g5 Nfd7 7. Nf3 Nc6 8. h4 b5
9. Ne2 a5 10. Bh3 Nb6 11. Kf1 c4 12. Kg2 Bd6 13. c3 Bxf4 14. exf4 Qd6 15. Qd2
Bd7 16. Ng3 g6 17. Ne5 Nxe5 18. fxe5 Qe7 19. h5 Kd8 20. b3 Kc7 21. Bg4 Rhg8 22.
Be2 cxb3 23. axb3 a4 24. bxa4 bxa4 25. hxg6 hxg6 26. Rh7 Rh8 27. Rxh8 Rxh8 28.
Qb2 Rb8 29. Qc1 Bc6 30. Bd3 Nc4 31. Ne2 a3 32. Kg3 Ra8 33. Ra2 Nb2 34. Bb1 Bb5
35. c4 Bxc4 36. Ra1 Kd8 37. Ng1 Qb4 38. Nf3 Qb3 39. Qf4 Ke8 40. Ba2 Qd3 41. Rh1
Qf5 42. Qxf5 exf5 43. Rh8+ Ke7 44. Rxa8 Bxa2 45. Ra7+ Kf8 46. Rxa3 Bc4 47. Ra7
Nd3 48. e6 fxe6 49. Ne5 Nxe5 50. dxe5 Bb3 51. Rd7 Ba4 52. Rd6 Ke7 53. Kf4 Bb5
54. Ke3 Bc4 55. Kd4 Bb5 56. Kc5 Ba4 57. Ra6 Bb3 58. Ra3 Bc4 59. Ra4 Bb3 60. Rb4
Ba2 61. Rb7+ Kf8 62. Rb2 Bc4 63. f4 Ke7 64. Rh2 Bb3 65. Rh3 Ba2 66. Rh7+ Kf8
67. Rh2 Bc4 68. Rd2 Ke7 69. Rd1 Bb3 70. Rb1 Ba2 71. Rb2 Bc4 72. Rh2 Bb3 73.
Rh7+ Kf8 74. Rb7 Ba2 75. Rc7 Bb3 76. Kb4 Ba2 77. Kc3 Bb1 78. Kd4 Ba2 79. Rc3
Ke7 80. Kc5 Bc4 81. Ra3 Kf8 82. Ra7 Bb3 83. Kd6 d4 84. Kc5 d3 85. Rd7 Bd5 86.
Ra7 d2 87. Ra1 Bf3 88. Kd6 Kf7 89. Ra7+ Ke8 90. Ra1 d1=Q+ 91. Rxd1 Bxd1 92.
Kxe6 Kf8 93. Kf6 Bh5 94. Ke6 Be2 95. Kf6 Bh5 96. Ke6 Ke8 97. Kf6 Kf8 98. Ke6
Ke8 99. Kf6 1/2-1/2

[Event "FIDE Open World Blitz 2021"]
[Site "Warsaw"]
[Date "2021.12.30"]
[Round "13.33"]
[White "Gagunashvili, Merab"]
[Black "Abdusattorov, Nodirbek"]
[Result "1/2-1/2"]
[WhiteElo "2575"]
[BlackElo "2646"]
[Annotator "ChessBase"]
[PlyCount "151"]
[EventDate "2021.12.29"]
[EventType "swiss"]
[EventCountry "POL"]
[Tiebreak "Cut1 Buchholz"]
[SourceTitle "playchess.com"]
[Source "ChessBase"]
[SourceQuality "1"]

1. d4 Nf6 2. Nf3 d5 3. c4 e6 4. Nc3 dxc4 5. e3 a6 6. a4 c5 7. Bxc4 Nc6 8. O-O
Be7 9. Qe2 cxd4 10. Rd1 O-O 11. exd4 Nb4 12. Bg5 h6 13. Bh4 Bd7 14. Ne5 Rc8 15.
Bb3 Bc6 16. Nxc6 bxc6 17. a5 Nfd5 18. Bg3 Bd6 19. Bc4 Rb8 20. Ne4 Bxg3 21. hxg3
Nc7 22. Nc5 Nb5 23. Qd2 Nc7 24. Ra4 Ncd5 25. Bxd5 Nxd5 26. Nxa6 Rb5 27. Nc5 Qc7
28. a6 Qa7 29. b3 Rd8 30. Ra5 Rb6 31. Rda1 Nc7 32. R5a4 Nb5 33. Qe3 Rd5 34. Rb4
Rb8 35. Nd3 Rxd4 36. Rxd4 Qxd4 37. Qxd4 Nxd4 38. b4 Kf8 39. a7 Ra8 40. Ne5 Ke8
41. Rd1 f6 42. Rxd4 fxe5 43. Re4 Rxa7 44. Rxe5 Ke7 45. Rc5 Kd6 46. Kf1 Ra2 47.
Rc4 e5 48. Rc3 Rb2 49. Rc4 Kc7 50. Re4 Kd7 51. Rc4 Kd6 52. g4 Kc7 53. g3 Kb6
54. Kg2 Rd2 55. Re4 Rd5 56. f4 exf4 57. gxf4 Kb5 58. f5 h5 59. Kg3 hxg4 60.
Kxg4 Rd1 61. Kg5 Rg1+ 62. Kf4 Rb1 63. Kg5 Rg1+ 64. Kf4 Rg2 65. Ke5 Rf2 66. Ke6
Rf3 67. Rg4 Re3+ 68. Kf7 Re5 69. Kg6 Re7 70. Rf4 Rd7 71. Rg4 Re7 72. Rf4 Ra7
73. Rg4 Rd7 74. Rf4 Ka4 75. Rg4 Kb5 76. Rf4 1/2-1/2

[Event "FIDE Open World Blitz 2021"]
[Site "Warsaw"]
[Date "2021.12.30"]
[Round "13.33"]
[White "Samunenkov, Ihor"]
[Black "Blanco Acevedo, Cristobal Jose"]
[Result "1-0"]
[WhiteElo "2348"]
[BlackElo "2350"]
[Annotator "ChessBase"]
[PlyCount "95"]
[EventDate "2021.12.29"]
[EventType "swiss"]
[EventCountry "POL"]
[Tiebreak "Cut1 Buchholz"]
[SourceTitle "playchess.com"]
[Source "ChessBase"]
[SourceQuality "1"]

1. d4 d5 2. Nf3 c6 3. g3 Bf5 4. c4 e6 5. Nc3 Nd7 6. Nh4 dxc4 7. e4 Bg6 8. Bxc4
Bb4 9. Nxg6 hxg6 10. O-O Ngf6 11. Qe2 Qa5 12. Bd2 Qh5 13. Qxh5 Rxh5 14. f3
O-O-O 15. a3 Ba5 16. Be3 Rdh8 17. h4 Bc7 18. Kg2 Ne8 19. f4 Nd6 20. Be2 R5h7
21. Rac1 Kb8 22. Rfd1 f6 23. Bg4 f5 24. Bf3 Nc4 25. Bf2 Nxb2 26. Rd2 Nc4 27.
Ra2 Ncb6 28. a4 Rd8 29. a5 Nc8 30. a6 b6 31. exf5 gxf5 32. Bxc6 Nf6 33. Nb5 Bd6
34. Bb7 Ne8 35. Rac2 Ne7 36. d5 exd5 37. Bd4 g6 38. Nxd6 Nxd6 39. Be5 Rhh8 40.
Bxh8 Rxh8 41. Rc7 Re8 42. Rd7 Nc4 43. Kf2 g5 44. Re1 Nd2 45. Rexe7 Ne4+ 46. Ke3
Rh8 47. Bxd5 Nc5 48. Rb7+ 1-0

[Event "FIDE Open World Blitz 2021"]
[Site "Warsaw"]
[Date "2021.12.30"]
[Round "13.34"]
[White "Corrales Jimenez, Fidel"]
[Black "Howell, David W L"]
[Result "0-1"]
[WhiteElo "2523"]
[BlackElo "2648"]
[Annotator "ChessBase"]
[PlyCount "132"]
[EventDate "2021.12.29"]
[EventType "swiss"]
[EventCountry "POL"]
[Tiebreak "Cut1 Buchholz"]
[SourceTitle "playchess.com"]
[Source "ChessBase"]
[SourceQuality "1"]

1. d4 d5 2. c4 c6 3. Nf3 Nf6 4. e3 a6 5. Bd3 Bg4 6. Nbd2 e6 7. O-O Nbd7 8. h3
Bh5 9. b3 Bd6 10. Bb2 O-O 11. Qc2 Bg6 12. e4 dxe4 13. Nxe4 Nxe4 14. Bxe4 a5 15.
Bxg6 hxg6 16. a4 Re8 17. Rad1 Qc7 18. Rfe1 Rad8 19. Bc3 Be7 20. Nd2 Nf6 21. c5
Nd5 22. Nc4 Ra8 23. Qd2 Bg5 24. Qc2 Red8 25. g3 Bf6 26. Qd2 Nxc3 27. Qxc3 Ra6
28. Kg2 Rd5 29. h4 Rxc5 30. Rh1 Ra8 31. Qf3 Rh5 32. Ne3 Rd8 33. Qe4 Qd6 34. f4
Bxd4 35. g4 Rc5 36. h5 gxh5 37. g5 g6 38. Rd3 Rc3 39. Rhd1 Rxd3 40. Rxd3 c5 41.
Kh3 b6 42. Nc4 Qc7 43. Rd1 Kg7 44. Qf3 Rd5 45. Nd2 Rf5 46. Kg3 Rxf4 47. Qxf4
Be5 48. Rf1 Bxf4+ 49. Rxf4 Qe5 50. Ne4 Kf8 51. Kf3 Ke7 52. Ke3 Qb2 53. Nd2 Qc3+
54. Ke2 Qg3 55. Rf3 Qxg5 56. Nc4 Qg2+ 57. Rf2 Qe4+ 58. Kd2 Qd4+ 59. Ke2 Qc3 60.
Rf3 Qc2+ 61. Kf1 h4 62. Nxb6 g5 63. Nc4 g4 64. Rf2 Qxb3 65. Ne5 Qd1+ 66. Kg2
Qd5+ 0-1

[Event "FIDE Open World Blitz 2021"]
[Site "Warsaw"]
[Date "2021.12.30"]
[Round "13.34"]
[White "Lopusiewicz, Piotr"]
[Black "Masternak, Grzegorz"]
[Result "0-1"]
[WhiteElo "2279"]
[BlackElo "2188"]
[Annotator "ChessBase"]
[PlyCount "90"]
[EventDate "2021.12.29"]
[EventType "swiss"]
[EventCountry "POL"]
[Tiebreak "Cut1 Buchholz"]
[SourceTitle "playchess.com"]
[Source "ChessBase"]
[SourceQuality "1"]

1. d4 d5 2. c4 e6 3. Nf3 Nf6 4. Nc3 Bb4 5. Bg5 Nbd7 6. cxd5 exd5 7. e3 c5 8.
Bd3 Qa5 9. O-O c4 10. Bc2 Bxc3 11. bxc3 O-O 12. Ne5 Nxe5 13. dxe5 Ne4 14. Bxe4
dxe4 15. Qd4 Be6 16. Be7 Rfe8 17. Bb4 Qd5 18. Qxd5 Bxd5 19. Bd6 f5 20. Rfd1 Bc6
21. Rd4 b5 22. a4 a6 23. a5 Kf7 24. Rf1 Ke6 25. f3 Rad8 26. Kf2 Rd7 27. Rg1 g6
28. h3 h5 29. g4 fxg4 30. f4 Rh7 31. Rdd1 Kf5 32. Bc5 Rd7 33. Rxd7 Bxd7 34.
hxg4+ hxg4 35. Rd1 Be6 36. Rd6 Rh8 37. Rxa6 Rh2+ 38. Kf1 Rc2 39. Ra8 g3 40.
Rf8+ Kg4 41. f5 gxf5 42. Rf6 Kf3 43. Ke1 g2 44. Rg6 Rc1+ 45. Kd2 g1=Q 0-1

[Event "FIDE Open World Blitz 2021"]
[Site "Warsaw"]
[Date "2021.12.30"]
[Round "13.35"]
[White "Saric, Ivan"]
[Black "Dreev, Aleksey"]
[Result "0-1"]
[WhiteElo "2665"]
[BlackElo "2635"]
[Annotator "ChessBase"]
[PlyCount "94"]
[EventDate "2021.12.29"]
[EventType "swiss"]
[EventCountry "POL"]
[Tiebreak "Cut1 Buchholz"]
[SourceTitle "playchess.com"]
[Source "ChessBase"]
[SourceQuality "1"]

1. e4 c6 2. d4 d5 3. e5 Bf5 4. Nf3 e6 5. Be2 c5 6. Be3 cxd4 7. Nxd4 Ne7 8. O-O
Nbc6 9. Bb5 a6 10. Bxc6+ Nxc6 11. Nxf5 exf5 12. Qd3 Qd7 13. Bd4 Be7 14. c3 O-O
15. Nd2 g6 16. Rfe1 Nd8 17. Rad1 Ne6 18. g3 Qb5 19. Nb3 Qc4 20. Na5 Qc7 21. Nb3
b5 22. Be3 Rfd8 23. Nd4 Rd7 24. Bh6 Qc4 25. Qf3 Rc8 26. a3 Qc7 27. h4 Bc5 28.
Ne2 d4 29. cxd4 Bxd4 30. Nf4 Rcd8 31. Nxe6 fxe6 32. Rc1 Qa7 33. Rc6 Kf7 34. g4
Rg8 35. Rd1 Bxf2+ 36. Kh2 Rxd1 37. Qxd1 Bd4 38. gxf5 Bxe5+ 39. Kh3 gxf5 40. Bg5
Rxg5 41. hxg5 Qe3+ 42. Kg2 Qg3+ 43. Kf1 Qh3+ 44. Kf2 Qh2+ 45. Ke3 Qf4+ 46. Kd3
Qe4+ 47. Kd2 Bf4+ 0-1

[Event "FIDE Open World Blitz 2021"]
[Site "Warsaw"]
[Date "2021.12.30"]
[Round "13.35"]
[White "Aditya, Mittal"]
[Black "Laith, Kasib"]
[Result "1-0"]
[WhiteElo "2245"]
[BlackElo "2010"]
[Annotator "ChessBase"]
[PlyCount "47"]
[EventDate "2021.12.29"]
[EventType "swiss"]
[EventCountry "POL"]
[Tiebreak "Cut1 Buchholz"]
[SourceTitle "playchess.com"]
[Source "ChessBase"]
[SourceQuality "1"]

1. d4 Nf6 2. c4 g6 3. Nc3 Bg7 4. e4 d6 5. Be2 O-O 6. Be3 Nbd7 7. Nf3 e5 8. O-O
c6 9. Qc2 Re8 10. Rad1 exd4 11. Nxd4 Nc5 12. f3 Qe7 13. Rfe1 d5 14. cxd5 cxd5
15. Bb5 Bd7 16. exd5 Qf8 17. Bf2 a6 18. Bxd7 Nfxd7 19. b4 Rxe1+ 20. Rxe1 Rc8
21. bxc5 Qxc5 22. Nc6 Qxc3 23. Qxc3 Bxc3 24. Ne7+ 1-0

[Event "FIDE Open World Blitz 2021"]
[Site "Warsaw"]
[Date "2021.12.30"]
[Round "13.36"]
[White "Donchenko, Alexander"]
[Black "Hovhannisyan, Robert"]
[Result "0-1"]
[WhiteElo "2645"]
[BlackElo "2622"]
[Annotator "ChessBase"]
[PlyCount "84"]
[EventDate "2021.12.29"]
[EventType "swiss"]
[EventCountry "POL"]
[Tiebreak "Cut1 Buchholz"]
[SourceTitle "playchess.com"]
[Source "ChessBase"]
[SourceQuality "1"]

1. Nf3 d5 2. g3 Bg4 3. Bg2 e6 4. h3 Bh5 5. O-O Nf6 6. c4 c6 7. d3 dxc4 8. dxc4
Qxd1 9. Rxd1 Nbd7 10. Nc3 Bxf3 11. exf3 O-O-O 12. b3 Be7 13. Bb2 Nc5 14. Bf1 a5
15. Ba3 Rhe8 16. Be2 Kc7 17. Kf1 Rxd1+ 18. Rxd1 Rd8 19. Rxd8 Kxd8 20. Bc1 Bd6
21. Bd2 b6 22. Be3 Kc7 23. Ke1 g6 24. h4 h5 25. Bd4 Ng8 26. Ne4 Nxe4 27. fxe4
e5 28. Bb2 Nf6 29. f3 Nd7 30. Bc1 Bc5 31. g4 Be7 32. g5 f6 33. f4 exf4 34.
Bxf4+ Bd6 35. Be3 Bg3+ 36. Bf2 Bxf2+ 37. Kxf2 fxg5 38. hxg5 Kd6 39. Ke3 Ke5 40.
Bf1 Nc5 41. Bg2 Ne6 42. a3 c5 0-1

[Event "FIDE Open World Blitz 2021"]
[Site "Warsaw"]
[Date "2021.12.30"]
[Round "13.36"]
[White "Yunusov, Mukhammad"]
[Black "Gluszko, Tomasz"]
[Result "1-0"]
[WhiteElo "1874"]
[BlackElo "2086"]
[Annotator "ChessBase"]
[PlyCount "105"]
[EventDate "2021.12.29"]
[EventType "swiss"]
[EventCountry "POL"]
[Tiebreak "Cut1 Buchholz"]
[SourceTitle "playchess.com"]
[Source "ChessBase"]
[SourceQuality "1"]

1. d4 Nf6 2. Nf3 g6 3. Nc3 d5 4. Bf4 Bg7 5. e3 O-O 6. Be2 c5 7. Nb5 Nc6 8. c3
a6 9. Na3 Ne4 10. O-O b5 11. Nd2 cxd4 12. exd4 b4 13. Nxe4 bxa3 14. Nc5 axb2
15. Rb1 Qb6 16. Qb3 Qxb3 17. axb3 e5 18. dxe5 Nxe5 19. Rxb2 a5 20. Ra1 Nc6 21.
Bd2 Bf5 22. Rba2 Rfc8 23. b4 Nxb4 24. cxb4 Bxa1 25. Rxa1 axb4 26. Rc1 Ra5 27.
Bxb4 Ra2 28. Bf1 Ra7 29. h3 Rac7 30. g4 Be4 31. Bg2 Bxg2 32. Kxg2 Kg7 33. Kf3
h6 34. Ke3 Re8+ 35. Kd4 Rce7 36. Bd2 Re2 37. Be3 Ra2 38. Kxd5 Rd8+ 39. Kc4 Kh7
40. Rb1 Rc2+ 41. Kb3 Re2 42. Ra1 Rd5 43. Kc4 Re5 44. Ra7 Kg8 45. Nd7 Re6 46.
Nc5 Rc6 47. Kd5 Rc8 48. Bd4 Rd2 49. Nd7 Rd8 50. Ke4 f5+ 51. Ke3 Rd1 52. Nf6+
Kh8 53. Nh5+ 1-0

[Event "FIDE Open World Blitz 2021"]
[Site "Warsaw"]
[Date "2021.12.30"]
[Round "13.37"]
[White "Timofeev, Artyom"]
[Black "Piorun, Kacper"]
[Result "0-1"]
[WhiteElo "2586"]
[BlackElo "2634"]
[Annotator "ChessBase"]
[PlyCount "124"]
[EventDate "2021.12.29"]
[EventType "swiss"]
[EventCountry "POL"]
[Tiebreak "Cut1 Buchholz"]
[SourceTitle "playchess.com"]
[Source "ChessBase"]
[SourceQuality "1"]

1. d4 Nf6 2. Nf3 g6 3. Nbd2 Bg7 4. e4 d6 5. c3 O-O 6. Bd3 Nc6 7. O-O Nd7 8. Re1
e5 9. Nb3 Re8 10. Bg5 Bf6 11. Be3 Qe7 12. h3 Qf8 13. Qd2 Bg7 14. Rad1 Nf6 15.
d5 Nd8 16. c4 b6 17. Nc1 a5 18. Ne2 Nb7 19. Nc3 Nc5 20. Bc2 Nh5 21. Nb5 Qe7 22.
b3 f5 23. Bg5 Bf6 24. Bxf6 Nxf6 25. exf5 gxf5 26. Qg5+ Kh8 27. Qh4 Nfe4 28. Qh6
Rf8 29. a3 Ba6 30. b4 Bxb5 31. cxb5 axb4 32. axb4 Ra2 33. Bb1 Nxf2 34. Bxa2
Nxd1 35. bxc5 Nc3 36. cxd6 Qxd6 37. Qxd6 cxd6 38. Bc4 Rc8 39. Nd2 Rc5 40. Ra1
Nxd5 41. Ra7 Ne3 42. Be6 Rc2 43. Nf3 Rxg2+ 44. Kh1 Rg3 45. Ng1 f4 46. Rf7 Rg6
47. Bb3 d5 48. Nf3 e4 49. Ne5 Rg5 50. Re7 Rh5 51. Kh2 f3 52. Kg3 Nf5+ 53. Kg4
f2 54. Re8+ Kg7 55. Kxh5 f1=Q 56. Kg4 Ne3+ 57. Kg3 Qg1+ 58. Kf4 Qf2+ 59. Kg5
Qf5+ 60. Kh4 Qf4+ 61. Ng4 Ng2+ 62. Kh5 Qf5# 0-1

[Event "FIDE Open World Blitz 2021"]
[Site "Warsaw"]
[Date "2021.12.30"]
[Round "13.38"]
[White "Sjugirov, Sanan"]
[Black "Gukesh D"]
[Result "0-1"]
[WhiteElo "2589"]
[BlackElo "2621"]
[Annotator "ChessBase"]
[PlyCount "116"]
[EventDate "2021.12.29"]
[EventType "swiss"]
[EventCountry "POL"]
[Tiebreak "Cut1 Buchholz"]
[SourceTitle "playchess.com"]
[Source "ChessBase"]
[SourceQuality "1"]

1. e4 c6 2. Nf3 d5 3. d3 Bg4 4. h3 Bh5 5. g4 Bg6 6. Qe2 e6 7. h4 h6 8. h5 Bh7
9. g5 hxg5 10. Nxg5 Nd7 11. f4 Be7 12. Nc3 d4 13. Nd1 Ngf6 14. Bd2 Qb6 15. b3
Bg8 16. Bg2 Qc7 17. a4 e5 18. f5 a5 19. Bf3 b5 20. Nb2 Nc5 21. Kf2 Nfd7 22. Bg4
Qd8 23. Nf3 Nf6 24. Rag1 Qc7 25. Ng5 Rb8 26. Bf3 Nfd7 27. Nh3 Bh4+ 28. Kg2 bxa4
29. Nxa4 Nxa4 30. bxa4 Rb2 31. Bc1 Ra2 32. Nf2 Be7 33. Kf1 Ra1 34. Kg2 Nc5 35.
Bd2 Ra2 36. Rc1 Nxa4 37. Ng4 f6 38. h6 gxh6 39. Rxh6 Rxh6 40. Nxh6 Bf8 41. Bh5+
Kd8 42. Nxg8 Qg7+ 43. Qg4 Qxg4+ 44. Bxg4 Ba3 45. Bxa5+ Kc8 46. Rh1 Rxc2+ 47.
Kg3 Nc5 48. Nxf6 Nxd3 49. Nh5 Nf2 50. f6+ Kb7 51. Rb1+ Ka6 52. f7 Nxe4+ 53. Kh4
Be7+ 54. Kh3 Kxa5 55. Bf5 Ng5+ 56. Kg3 Rc3+ 57. Kg4 Nxf7 58. Rb7 Nh6# 0-1